| 000 | 00741nam a2200181Ia 4500 | ||
|---|---|---|---|
| 008 | 151202s9999||||xx |||||||||||||| ||und|| | ||
| 082 | _bPNVM-31643 | ||
| 100 | _aजोशी व.कृ. | ||
| 245 | _aहॅलो मी इन्स्पेक्टर प्रधान बोलतोय. | ||
| 260 | _b"मेहता पब्लिशिंग हाऊस, पुणे." | ||
| 260 | _c2004 | ||
| 300 | _a152 | ||
| 600 | _aजोशी व.कृ. | ||
| 630 | _aहॅलो मी इन्स्पेक्टर प्रधान बोलतोय. | ||
| 700 | _aजोशी व.कृ. | ||
| 730 | _aहॅलो मी इन्स्पेक्टर प्रधान बोलतोय. | ||
| 942 | _cBOOK | ||
| 999 |
_c1297604 _d1297601 |
||